Review and Comparison of Conceptual Frameworks on Digital Business Transformation
Aplikácia akademického prístupu pri posudzovaní rôznych koncepčných a teoretických rámcov považovaných za relevantné pre predmet transformácie digitálnych podnikov a ktoré prispievajú k zvyšovaniu všeobecného pochopenia predmetu.
Salvato in:
| Autore principale: | |
|---|---|
| Natura: | Capitolo di libro |
| Lingua: | inglese |
| Soggetti: | |
| Tags: |
Nessun Tag, puoi essere il primo ad aggiungerne!!
|
MARC
| LEADER | 00000naa a2200000 4500 | ||
|---|---|---|---|
| 001 | 0248543 | ||
| 005 | 20181026132234.1 | ||
| 041 | 0 | |a eng | |
| 044 | |a CZ | ||
| 245 | 1 | 0 | |a Review and Comparison of Conceptual Frameworks on Digital Business Transformation |c Fortune Nwaiwu |
| 520 | |a Aplikácia akademického prístupu pri posudzovaní rôznych koncepčných a teoretických rámcov považovaných za relevantné pre predmet transformácie digitálnych podnikov a ktoré prispievajú k zvyšovaniu všeobecného pochopenia predmetu. | ||
| 610 | 2 | 0 | |a digitalizácia |
| 610 | 2 | 0 | |a technológie informačné |
| 610 | 2 | 0 | |a technológie komunikačné |
| 610 | 2 | 0 | |a inovácie technologické |
| 100 | 1 | |a Nwaiwu, Fortune | |